000 002930000a22001450004500
003 MACL
040 _aMACL
090 _c2742
_d2742
100 _aBaird, Robert D.
245 _aReligion In Modern India
260 _bManohar
_c1995
350 _a750
650 _aReligion
942 _cBOOK
_k200
999 _c2723
_d2723